Countries with embassies and consulates in Nepal - Statistics

General Stats
  • This quiz has been taken 70 times
  • The average score is 22 of 26
Answer Stats
Continent Country % Correct
Oceania Australia
100%
Asia China
100%
Asia India
98%
Asia/ Europe Russia
98%
Europe United Kingdom
98%
North America United States of America
98%
Europe France
97%
Asia Japan
94%
Asia Pakistan
94%
Europe Germany
92%
Asia South Korea
92%
South America Brazil
90%
Asia Bangladesh
89%
Asia Thailand
89%
Africa Egypt
85%
Asia Malaysia
85%
Asia Qatar
85%
Asia United Arab Emirates
85%
Asia Sri Lanka
84%
Europe Denmark
76%
Europe Switzerland
74%
Asia Israel
71%
Asia Myanmar
71%
Europe Norway
69%
Europe Finland
68%
Asia North Korea
55%
No matching quizzes found
Score Distribution
Percent of People with Each Score
Percentile by Number Answered
Your Score History
You have not taken this quiz